000
00461nam a2200169Ia 4500
008
090711s9999 xx 000 0 und d
082
_b
12463
100
_a
देवधर सी. आर.
245
_a
रघुवंशम्
260
_c
1937
300
_a
212
600
_a
देवधर सी. आर.
630
_a
रघुवंशम्
700
_a
देवधर सी. आर.
730
_a
रघुवंशम्
942
_c
BOOK
999
_c
314207
_d
314207